Normal view
MARC view
- DME TEXTBOOK POWERPLANT TECHNOLOGY
Entry Topical Term
001 - CONTROL NUMBER
- control field: 111618
003 - CONTROL NUMBER IDENTIFIER
- control field: NUST
005 - DATE AND TIME OF LATEST TRANSACTION
- control field: 20230331090852.0
008 - FIXED-LENGTH DATA ELEMENTS
- fixed length control field: 230331|| aca||aabn | a|a d
040 ## - CATALOGING SOURCE
- Original cataloging agency: NUST
- Transcribing agency: NUST
150 ## - HEADING--TOPICAL TERM
- Topical term or geographic name entry element: DME TEXTBOOK POWERPLANT TECHNOLOGY
670 ## - SOURCE DATA FOUND
- Source citation: Work cat.: (NUST): EL-Wakil, M.M 111617, Powerplant Technolofy, 2019.
